000 00990nam a22002417a 4500
001 82340
003 BD-RjUL
005 20231127105626.0
008 231123s2017 bg a|||| m||| 00| 0 eng d
035 _a(BD-RjUL)82340
040 _aBD-RjUL
_beng
_cBD-RjUL
_dBD-RjUL
041 _aeng
082 _223
_a372.954924
_bCHS 2017
100 _aChakroberty, Prodeep Kumar
_910163
245 1 0 _aSocio-Cultural problems of indigenous children at primary school level in Godagari Upazila, Bangladesh /
_cBy Prodeep Kumar Chakroberty ;
_6Supervisor : Md. Emaj Uddin
260 _aRajshahi :
_bThe Institute of Education and Research (IER), University of Rajshahi,
_c2017.
300 _a{1}, 69 leaves :
_bill, ;
_c30.cm.
502 _aThesis (Ph. D.) -- The Institute of Education and Research (IER), University of Rajshahi, 2017
504 _aBibliography : 61 - 66
650 _aPrimary education
_vIndigenous
_zRajshahi
_910166
700 _aUddin, Md. Emaj, Supervisor
_910165
942 _2ddc
_cTHE
999 _c82340
_d82340